| 000 | 00389nam a22001697a 4500 | ||
|---|---|---|---|
| 005 | 20160530142728.0 | ||
| 008 | 160530b xxu||||| |||| 00| 0 eng d | ||
| 020 | _a81-203-1714-9 | ||
| 041 | _aeng | ||
| 082 | _b6082 | ||
| 100 |
_aGupta, Das Vaskar _91541 |
||
| 245 | _aSales Management | ||
| 260 |
_aNew Delhi _bPHI, _c2004 |
||
| 300 | _a221 | ||
| 650 |
_aManagement _9241 |
||
| 942 | _cBK | ||
| 999 |
_c2175 _d2174 |
||